000 00273nam a2200121Ia 4500
008 220204s9999 xx 000 0 und d
082 _a033
_bLEI
100 _aLEITER, R D
245 0 _aModern economics
250 _aEd.2
260 _aNew York
_bBarnes
_c1968
942 _cBK
999 _c34099
_d34099